Normal view
MARC view
- Foot
Entry Topical Term
001 - CONTROL NUMBER
- control field: 5536
003 - CONTROL NUMBER IDENTIFIER
- control field: OSt
005 - DATE AND TIME OF LATEST TRANSACTION
- control field: 20170517124740.0
008 - FIXED-LENGTH DATA ELEMENTS
- fixed length control field: 170517|| aca||aabn | a|a d
040 ## - CATALOGING SOURCE
- Original cataloging agency: OSt
- Transcribing agency: OSt
150 ## - HEADING--TOPICAL TERM
- Topical term or geographic name entry element: Foot
- General subdivision: Care and hygiene.
670 ## - SOURCE DATA FOUND
- Source citation: Work cat.: (OSt): Shea, Timothy P. 5535, The over easy foot care book /, c1984

PORTAL AKMAL
E-MEL JKDM
AKMAL2U
G-BAM
u-PUSTAKA